Radio propagation in cellular networks
Guardat en:
| Autor principal: | |
|---|---|
| Format: | Llibre |
| Idioma: | anglès |
| Publicat: |
Boston
Artech House
2000
|
| Col·lecció: | Artech House Mobile Communications Library
|
| Matèries: | |
| Etiquetes: |
Afegir etiqueta
Sense etiquetes, Sigues el primer a etiquetar aquest registre!
|
MARC
| LEADER | 00000nam a2200000 a 4500 | ||
|---|---|---|---|
| 001 | UCN1750 | ||
| 003 | CL-VaPUC | ||
| 008 | 010504e20000000US |||||||||||||||||eng|d | ||
| 082 | 0 | 4 | |a 621.3845 |b BLA |2 21 |
| 100 | 0 | |a Blaunstein, Nathan |e author |9 457058 | |
| 245 | 1 | 0 | |a Radio propagation in cellular networks |
| 300 | |a 386 p | ||
| 942 | |c BK | ||
| 945 | |d 20010504 00:00:00 |a vberengu | ||
| 260 | |a Boston |b Artech House |c 2000 | ||
| 650 | 0 | |a Comunicación interpersonal |9 307498 | |
| 650 | 7 | |a PROPAGACION DE LAS ONDAS |2 CL-VaPUC |9 369348 | |
| 650 | 7 | |a TELEFONIA |2 CL-VaPUC |9 408996 | |
| 650 | 0 | |a Telecomunicaciones |9 257195 | |
| 583 | |a last modification |c 20170823 12:39:12 |k Rodrigo Vera | ||
| 490 | 0 | |a Artech House Mobile Communications Library | |
| 999 | |c 294981 |d 294979 | ||
| 952 | |0 0 |1 0 |4 0 |6 621_384500000000000_BLA_2000 |7 0 |8 A |9 347772 |a BIBING |b BIBING |d 2019-11-20 |i 3718743 |o 621.3845 BLA 2000 |p 3718743 |r 2025-01-20 |w 2019-11-20 |y BK |k EIE | ||